El testamento caduca si posteriormente el otorgante contrae matrimonio (Registro nro. 22600)

000 -Cabecera
Campo de control interno 01727nam a2200229 4500
001 - Número de control
control field ESSALUD
005 - Fecha y hora de la última transacción
Campo de control 20260701144649.0
007 - Tipo material - Descripcion fisica - info general
Tipo material - Descripcion fisica - info general ta
008 - Elementos de Longitud Fija - Información General
Elementos de Longitud Fija - Información t pe ||||| |||| 00| 0 spa d
040 ## - Origen de la Catalogación
Origen de la Catalogación BMG
041 ## - Idioma
Idioma spa
100 ## - Autor
Autor Tribunal Registral
Rol del Autor Autor
9 (RLIN) 53048
245 ## - Titulo
Titulo El testamento caduca si posteriormente el otorgante contrae matrimonio
300 ## - Páginas
Paginación páginas 100-109
520 ## - Resumen
Resumen Si se prueba fehacientemente la existencia de hijos del causante luego del otorgamiento de su testamento, o si el causante contrae matrimonio y tiene un nuevo cónyuge (un heredero forzoso más), el testamento caducaría. Siendo así, se colige que al haber contraído matrimonio la testadora con posterioridad al otorgamiento de su testamento, la institución de herederos expresada en dicho testamento ha caducado, en razón que debe ser considerado al cónyuge supérstite como heredero forzoso. Esto configuraría lo previsto en el artículo 815 inciso 2 del Código Civil, que señala: "La herencia corresponde a los herederos legales cuando: 2. ( ... ) se ha declarado la caducidad o invalidez de la disposición que lo instituye"; con lo cual se abre la posibilidad que, una vez que se inscriba la referida caducidad, se pueda registrar la anotación preventiva de la sucesión intestada de la causante, esto es, debido a que los herederos instituidos en el testamento tienen la calidad de voluntarios.
650 ## - Temas - Descriptores
Temas - Descriptores TESTAMENTO
9 (RLIN) 53066
650 ## - Temas - Descriptores
Temas - Descriptores DERECHO SUCESORIO
9 (RLIN) 53065
650 ## - Temas - Descriptores
Temas - Descriptores MATRIMONIO
9 (RLIN) 4207
650 ## - Temas - Descriptores
Temas - Descriptores HERENCIA
9 (RLIN) 1215
773 0# - Revista (Relacion con el numero)
Host Biblionumber 22573
Host Itemnumber 22621
Ciudad, Editorial Lima Grupo Praxis Formación Profesional, 2026-
Codigo barras item/ejemplar PRA002
Titulo de la Revista Praxis Civil & Procesal Civil
Número de control de registro ESSALUD
ISSN 3119-7671
942 ## - Elementos de Koha
Tipo de Documento Artículos
Fecha procesamiento 2026-07-01
Catalogador sqb

No hay ítems disponibles.